000 00650nam a22002417a 4500
003 UA-OsUOA
001 30727
007 ta
008 20041115b un ||||| |||| 00| 0 ukr d
100 _aБоровой Л.
090 _a82.09
_bБ83
942 _cBK
040 _aUA-OsUOA
_brus
_cUA-OsUOA
_dUA-OsUOA
245 _aПуть слова
_bОчерки и разыскания
_cЛ. Боровой; Л. Воровой
300 _a960 с.
_bІлюстрації
955 _a0
041 _arus
080 _a82.09
260 _aИосква
_bСоветский писатель
_c1974
044 _aRU
650 7 _2UDC
999 _c317141
_d317141